Ne nehledej

Hlavní autor: Bittová, Iva, 1958-
Jazyk: Čeština
Vydáno: Praha : BMG Ariola ČR/SR, p1994
Témata:
Fyzický popis: 1 CD ; 12 cm + 1 brožura [12 s.].
Zvukové nahrávky
Uloženo v:
LEADER 01147njm a2200349 a 4500
001 000287747
003 CZ BrMZK
005 79950101143423.0
008 950101s1994 xr f cze d
028 0 3 |a 74321 24858 2  |b BMG Ariola ČR/SR 
040 |a BOA001  |b cze 
080 |a 784.4.03"199"(086.7)  |2 MRF 
080 |a 784.4(086.7)  |2 MRF 
100 1 |a Bittová, Iva,  |d 1958-  |7 jn19981000272  |4 prf 
245 1 0 |a Ne nehledej  |h [zvukový záznam] /  |c Iva Bittová. 
246 3 3 |a Paraskeva 
246 3 3 |a Studenec 
246 3 3 |a Blázen 
246 3 3 |a Dos kelbl 
246 3 3 |a Kapitulní síň 
246 3 3 |a Ne nehledej 
260 |a Praha :  |b BMG Ariola ČR/SR,  |c p1994 
300 |a 1 CD ;  |c 12 cm +  |e 1 brožura [12 s.]. 
500 |a Nahr. 1994 
500 |a Durata neuv 
505 2 |a Ne nehledej, Studenec, Blázen...[et al.] 
653 0 |a alternativní hudba  |a experimentální hudba  |a folková hudba 
910 |a BOA001  |b CD-0005.757 
964 |a Hudba alternativní  |x CD 
964 |a Hudba folková  |z stol.20.,léta 90.  |x CD 
990 |a AV 
996 6 |b 261H005982  |c CD-0005.757  |l MZK  |r Sklad / do 24 hodin  |n 1  |p p.v.  |w 000287747  |u 000010  |a 1  |e BOA001  |j MZK50  |s P